Todos os Adversários do Fluminense na História da Libertadores - Statistics

Estatísticas Gerais
  • Esse quiz foi jogado 149 vezes
    82 desde o último reset
  • A pontuação média é 19 de 32
Estatísticas das Respostas
País Adversário % Correto
Argentina Boca Juniors
100%
Argentina River Plate
96%
Brasil Internacional
92%
Paraguai Olímpia
92%
Equador LDU
90%
Brasil Grêmio
88%
Brasil São Paulo
84%
Brasil Vasco da Gama
79%
Brasil Atlético Mineiro
74%
Argentina Argentinos Juniors
73%
Chile Colo-Colo
70%
Uruguai Nacional
70%
México América
69%
Equador Barcelona de Guayaquil
69%
Brasil Palmeiras
69%
Peru Sporting Cristal
68%
Bolívia The Strongest
68%
Paraguai Cerro Porteño
65%
Colômbia Atlético Nacional
64%
Peru Alianza Lima
60%
Paraguai Libertad
58%
Venezuela Caracas
57%
Colômbia Junior de Barranquilla
53%
Argentina Arsenal de Sarandí
47%
Colômbia Independiente Santa Fe
47%
Equador Emelec
38%
Colômbia Millonarios
34%
Chile Huachipato
18%
Argentina Ferro Carril Oeste
17%
Venezuela Zamora
17%
Venezuela Deportivo Italia
12%
Venezuela Deportivo Galicia
8%
Nenhum quiz correspondente encontrado
Distribuição das Pontuações
Porcentagem de Pessoas com Cada Pontuação
Percentil de Números Respondidos
Sua Pontuação Histórica
Você não jogou esse quiz desde o último reset